A watery grave? (Record no. 77890)
[ view plain ]
| 000 -LEADER | |
|---|---|
| fixed length control field | 01183cab a2200217 4500 |
| 001 - CONTROL NUMBER | |
| control field | ##L135408 |
| 008 - FIXED-LENGTH DATA ELEMENTS--GENERAL INFORMATION | |
| fixed length control field | 061024n2006 000 0 eng u |
| 035 ## - SYSTEM CONTROL NUMBER | |
| System control number | (Sirsi) u135408 |
| 041 0# - LANGUAGE CODE | |
| Language code of text/sound track or separate title | eng |
| 100 1# - MAIN ENTRY--PERSONAL NAME | |
| Personal name | McCormack, Steve |
| 245 02 - TITLE STATEMENT | |
| Title | A watery grave? |
| 260 ## - PUBLICATION, DISTRIBUTION, ETC. | |
| Date of publication, distribution, etc. | 2006 |
| 490 #0 - SERIES STATEMENT | |
| Series statement | Contract Journal |
| Volume/sequential designation | 435(6597) 18 October 2006, 40(1) |
| 520 ## - SUMMARY, ETC. | |
| Summary, etc. | Examines a new licensing regime being introduced in response to changes under the Water Resources Act 1991 (as amended by the Water Act 2003) and highlights its implications for contractors undertaking onsite dewatering. New Environment Agency powers to issue enforcement notices could lead to an immediate stop to water abstraction if the operation risks significant environmental damage. Outlines the three classes of licences to differentiate between the different types of abstraction and explains application requirements for these licences. Includes a case study of a recent road scheme in Scotland. |
| 590 ## - LOCAL NOTE (RLIN) | |
| Local note | IKA311006 |
| 650 24 - SUBJECT ADDED ENTRY--TOPICAL TERM | |
| Topical term or geographic name entry element | WATER ACT 2003 |
| 650 24 - SUBJECT ADDED ENTRY--TOPICAL TERM | |
| Topical term or geographic name entry element | WATER RESOURCES ACT 1991 |
| 651 #4 - SUBJECT ADDED ENTRY--GEOGRAPHIC NAME | |
| Geographic name | United Kingdom |
| Chronological subdivision | |
| 690 ## - LOCAL SUBJECT ADDED ENTRY--TOPICAL TERM (OCLC, RLIN) | |
| Topical term or geographic name as entry element | ENVIRONMENTAL AND LAND CONSULTANCY-WATER RESOURCE MANAGEMENT |
| 942 ## - ADDED ENTRY ELEMENTS (KOHA) | |
| Suppress in OPAC | 0 |
| Withdrawn status | Lost status | Source of classification or shelving scheme | Damaged status | Not for loan | Home library | Current library | Shelving location | Date acquired | Total Checkouts | Full call number | Barcode | Date last seen | Copy number | Price effective from | Koha item type |
|---|---|---|---|---|---|---|---|---|---|---|---|---|---|---|---|
| Dewey Decimal Classification | London | London | Journal article | 24/10/2006 | L135408 | 135408-1001 | 06/08/2019 | 1 | 06/08/2019 | Journal article |